| 000 | 00488nam a2200133Ia 4500 | ||
|---|---|---|---|
| 008 | 220216s9999 xx 000 0 und d | ||
| 100 | _aAshithraj N | ||
| 245 | 0 | _aEffect of biofertilizers on early rooting, growth and nutrient status of black pepper | |
| 260 | _bPLACROSYM XXI. International Symposium on Plantation Crops, 10-12 December 2014, Kozhikode, India, pp. 104-105. Abstracts. | ||
| 650 | _aBiofertilizers | ||
| 650 | _aNutrient status | ||
| 700 | _aPrameela K P | ||
| 942 | _cBS | ||
| 999 |
_c48686 _d48686 |
||